Diez grandes economistas (Registro nro. 2298)
[ vista simple ]
| 000 -LEADER | |
|---|---|
| fixed length control field | 01001 a2200217 4500 |
| 001 - CONTROL NUMBER | |
| control field | 32585 |
| 005 - DATE AND TIME OF LATEST TRANSACTION | |
| control field | 20260407155624.0 |
| 008 - FIXED-LENGTH DATA ELEMENTS--GENERAL INFORMATION | |
| fixed length control field | 260407a1969 arg spa d |
| 003 - CONTROL NUMBER IDENTIFIER | |
| control field | AR-UNSa-BCEJYS |
| 040 ## - CATALOGING SOURCE | |
| Original cataloging agency | AR-UNSa-BCEJYS |
| Language of cataloging | spa |
| Transcribing agency | AR-UNSa-BCEJYS |
| 080 ## - UNIVERSAL DECIMAL CLASSIFICATION NUMBER | |
| Universal Decimal Classification number | 330.8 |
| Common auxiliary subdivision | Historia de las teorías, Doctrinas, Dogmas económicos (pensamiento económico) |
| 041 ## - LANGUAGE CODE | |
| Language code of text/sound track or separate title | spa |
| 100 1# - MAIN ENTRY--PERSONAL NAME | |
| Personal name | Schumpeter, Joseph A. |
| 245 10 - TITLE STATEMENT | |
| Title | Diez grandes economistas |
| Name of part/section of a work | de Marx a Keynes |
| 250 ## - EDITION STATEMENT | |
| Edition statement | 2a. ed. |
| 264 #1 - PRODUCTION, PUBLICATION, DISTRIBUTION, MANUFACTURE, AND COPYRIGHT NOTICE | |
| Place of production, publication, distribution, manufacture | Madrid : |
| Name of producer, publisher, distributor, manufacturer | Alianza Editorial |
| Date of production, publication, distribution, manufacture, or copyright notice | 1969 |
| 300 ## - PHYSICAL DESCRIPTION | |
| Extent | 446 p. |
| Dimensions | 18 cm. |
| 505 ## - FORMATTED CONTENTS NOTE | |
| Formatted contents note | 1. Karl Marx (1818-1883). La doctrina marxista - 2. Marie Esprit Léon Walras (1834-1910) - 3. Carl Menger - 4. Alfred Marshall (1842-1924) - 5. Vilfredo Pareto (1848-19223) - 6. Eugen von Bohm-Bawerk (1851-1914) - 7. Frank William Taussig (1859-1940) - 8. Irving Fisher (1867-1947) - 9. Wesley Clair Mitchell (1874-1948) - 10. John Maynard Keynes (1883-1946) |
| 590 ## - LOCAL NOTE (RLIN) | |
| Local note | niveau_biblio:m niveau_hierar:0 |
| 942 ## - ADDED ENTRY ELEMENTS (KOHA) | |
| Koha item type | |
| Withdrawn status | Lost status | Damaged status | Not for loan | Home library | Current library | Shelving location | Date acquired | Total checkouts | Full call number | Barcode | Date last seen | Price effective from | Koha item type |
|---|---|---|---|---|---|---|---|---|---|---|---|---|---|
| Biblioteca Prof. Eusebio Cleto del Rey | Biblioteca Prof. Eusebio Cleto del Rey | 07/04/2026 | 330.8 S392 | L23783 | 07/04/2026 | 07/04/2026 | Libro |